[Event "Titled Tue 10th Jun Late"]
[Site "chess.com INT"]
[Date "2025.06.10"]
[Round "3"]
[White "Salman, Ilhan Serhat"]
[Black "Thake, Conrad"]
[Result "1-0"]
[BlackTitle "CM"]
[WhiteElo "2092"]
[BlackElo "1873"]
[WhiteFideId "6361579"]
[BlackFideId "5602947"]
[EventDate "2025.06.10"]

1. h3 d5 2. e4 dxe4 3. Nc3 Nf6 4. d3 exd3 5. Bxd3 e5 6. Qe2 Nc6 7. Nf3 Bd6 8.
O-O O-O 9. Bg5 h6 10. Bh4 Nd4 11. Nxd4 exd4 12. Ne4 Be7 13. Rfe1 Nxe4 14. Qxe4
f5 15. Qxe7 Qxe7 16. Bxe7 Re8 17. Bc4+ Kh7 18. Bf7 Rh8 19. Rad1 f4 20. Rxd4 Bf5
21. Rxf4 Bxc2 22. Rc4 Bf5 23. Rxc7 Rac8 24. Rec1 Rxc7 25. Rxc7 Bg6 26. Bxg6+
Kxg6 27. Rxb7 Re8 28. Bc5 Re1+ 29. Kh2 a5 30. Ra7 Re2 31. a4 Rxb2 32. Rxg7+ Kf5
33. Ra7 Ke4 34. Rxa5 1-0

[Event "Titled Tue 10th Jun Late"]
[Site "chess.com INT"]
[Date "2025.06.10"]
[Round "3"]
[White "Weisz, Bryan"]
[Black "Cori Quispe, Kevin Joel"]
[Result "0-1"]
[BlackTitle "GM"]
[WhiteElo "2059"]
[BlackElo "2464"]
[WhiteFideId "30934133"]
[BlackFideId "3814017"]
[EventDate "2025.06.10"]

1. d4 Nf6 2. g3 c5 3. dxc5 e5 4. Nf3 e4 5. Nd4 Bxc5 6. Bg2 Qb6 7. e3 O-O 8. O-O
Nc6 9. Nb3 Bb4 10. a3 Be7 11. Nc3 d5 12. Nxd5 Nxd5 13. Qxd5 Be6 14. Qxe4 Bxb3
15. cxb3 Qxb3 16. Qd5 Qb6 17. b4 Bf6 18. Rb1 Rfd8 19. Qb3 Rac8 20. Bb2 Na5 21.
Qa4 Nc4 22. Bxf6 gxf6 23. Rbd1 Kg7 24. Rxd8 Rxd8 25. Rc1 Nxe3 26. Rc5 Rd1+ 0-1

[Event "Titled Tue 10th Jun Late"]
[Site "chess.com INT"]
[Date "2025.06.10"]
[Round "3"]
[White "Szpar, Milosz"]
[Black "Shafer, Logan C"]
[Result "1-0"]
[WhiteTitle "IM"]
[BlackTitle "CM"]
[WhiteElo "2495"]
[BlackElo "2217"]
[WhiteFideId "1184989"]
[BlackFideId "30993342"]
[EventDate "2025.06.10"]

1. e4 e5 2. Nf3 Nc6 3. Bb5 Nf6 4. d3 Bc5 5. h3 O-O 6. Bg5 d6 7. c3 h6 8. Bh4 a6
9. Ba4 b5 10. Bc2 Be6 11. O-O d5 12. exd5 Bxd5 13. Re1 Qd6 14. Nbd2 Rfe8 15. Qe2
Bb6 16. Rad1 Rad8 17. g4 g5 18. Bg3 Nd7 19. Ne4 Qe7 20. h4 f6 21. Nfd2 Nf8 22.
Qf3 Kg7 23. Nf1 Be6 24. h5 Nd7 25. Bb3 Bxb3 26. axb3 Nf8 27. Bh2 Qe6 28. Nfg3
Ne7 29. d4 Nd7 30. d5 Qf7 31. c4 Nc5 32. Nxc5 Bxc5 33. Ne4 Ba7 34. Nxf6 Nxd5 35.
Nxe8+ 1-0

[Event "Titled Tue 10th Jun Late"]
[Site "chess.com INT"]
[Date "2025.06.10"]
[Round "3"]
[White "Matinian, Nikita"]
[Black "Tsydypov, Zhamsaran"]
[Result "0-1"]
[WhiteTitle "GM"]
[BlackTitle "GM"]
[WhiteElo "2421"]
[BlackElo "2514"]
[WhiteFideId "24129100"]
[BlackFideId "4108566"]
[EventDate "2025.06.10"]

1. e4 c6 2. Nc3 d5 3. Nf3 Bg4 4. h3 Bxf3 5. Qxf3 e6 6. g3 Bc5 7. Bg2 Ne7 8. O-O
O-O 9. Rd1 f5 10. exd5 exd5 11. d4 Bd6 12. Ne2 Nd7 13. Bf4 Nf6 14. Bxd6 Qxd6 15.
Qf4 Qd7 16. Nc1 Ng6 17. Qg5 Ne4 18. Qh5 f4 19. Bxe4 dxe4 20. Ne2 Rae8 21. Qg4
Qd6 22. Rf1 Rf6 23. Rad1 b5 24. c3 f3 25. Nc1 e3 26. fxe3 h5 27. Qg5 Rf5 0-1

[Event "Titled Tue 10th Jun Late"]
[Site "chess.com INT"]
[Date "2025.06.10"]
[Round "3"]
[White "Sivakumar, Shaaketh"]
[Black "Jimenez Salas, Maria Teresa"]
[Result "1-0"]
[WhiteTitle "FM"]
[BlackTitle "WIM"]
[WhiteElo "2279"]
[BlackElo "2170"]
[WhiteFideId "30940176"]
[BlackFideId "3843866"]
[EventDate "2025.06.10"]

1. d4 d5 2. Nf3 Nf6 3. c4 c6 4. g3 Bf5 5. Bg2 e6 6. O-O Be7 7. Qb3 Qb6 8. Nc3
Nbd7 9. c5 Qxb3 10. axb3 O-O 11. b4 a6 12. Bf4 Nh5 13. Bc7 Rac8 14. Bd6 Bxd6 15.
cxd6 Rfd8 16. Ne5 Nf8 17. g4 f6 18. gxh5 fxe5 19. dxe5 Bg4 20. f4 Bxh5 21. e4
Nd7 22. exd5 cxd5 23. Rae1 Rf8 24. Bh3 Rce8 25. Nxd5 Bf7 26. Nc7 Rd8 27. Nxe6
Bxe6 28. Bxe6+ Kh8 29. Bxd7 Rxd7 30. f5 g6 31. e6 Rxd6 32. e7 Re8 33. f6 Rd7 34.
f7 1-0

[Event "Titled Tue 10th Jun Late"]
[Site "chess.com INT"]
[Date "2025.06.10"]
[Round "3"]
[White "Chen, Yidong"]
[Black "Fernandes, Rogerio Paulo Muller"]
[Result "1-0"]
[WhiteElo "2074"]
[BlackElo "2241"]
[WhiteFideId "8607028"]
[BlackFideId "2101599"]
[EventDate "2025.06.10"]

1. e4 e6 2. d4 d5 3. Nd2 c5 4. Ngf3 cxd4 5. Nxd4 Nc6 6. Nxc6 bxc6 7. Bd3 Bd6 8.
O-O Qc7 9. h3 Nf6 10. Qe2 O-O 11. Re1 Nd7 12. c4 d4 13. Nf3 e5 14. Nh4 Nc5 15.
Nf5 Bxf5 16. exf5 f6 17. Bd2 Rab8 18. Rab1 Nxd3 19. Qxd3 Bb4 20. f4 Bxd2 21.
Qxd2 Rfe8 22. Re2 c5 23. Rbe1 Re7 24. fxe5 fxe5 25. Qg5 Rf8 26. f6 Rxf6 27. Rxe5
Rxe5 28. Rxe5 Qf7 29. Rxc5 h6 30. Qg3 Rf1+ 31. Kh2 Qf5 32. Rxf5 Rxf5 33. Qb8+ 1-0

[Event "Titled Tue 10th Jun Late"]
[Site "chess.com INT"]
[Date "2025.06.10"]
[Round "3"]
[White "Aditya, Varun Gampa"]
[Black "Anhwere, Bernard"]
[Result "1-0"]
[WhiteTitle "FM"]
[BlackTitle "CM"]
[WhiteElo "2186"]
[BlackElo "1906"]
[WhiteFideId "45066183"]
[BlackFideId "12600580"]
[EventDate "2025.06.10"]

1. a3 Nf6 2. e3 g6 3. Nf3 Bg7 4. c4 O-O 5. Nc3 d5 6. cxd5 Nxd5 7. Bc4 Nb6 8. Bb3
Nc6 9. d4 e5 10. d5 Na5 11. Ba2 Qe7 12. Qe2 e4 13. Nd4 Qg5 14. b4 Qxg2 15. Rf1
Bg4 16. Qb5 Nac4 17. Bxc4 a6 18. Qc5 Bh3 19. Be2 Nd7 20. Qe7 Rfe8 21. Qh4 Ne5
22. Bb2 Nd3+ 23. Bxd3 exd3 24. O-O-O a5 25. Rg1 Qxh2 26. Rh1 Qd6 27. Rxh3 h5 28.
b5 Bxd4 29. Qxd4 Qd7 30. Ne4 Qxh3 31. Qg7# 1-0

[Event "Titled Tue 10th Jun Late"]
[Site "chess.com INT"]
[Date "2025.06.10"]
[Round "3"]
[White "Movahed, Sina"]
[Black "Pakleza, Zbigniew"]
[Result "1-0"]
[WhiteTitle "GM"]
[BlackTitle "GM"]
[WhiteElo "2544"]
[BlackElo "2484"]
[WhiteFideId "42520835"]
[BlackFideId "1119290"]
[EventDate "2025.06.10"]

1. e4 d6 2. d4 Nf6 3. Bd3 e5 4. c3 d5 5. dxe5 dxe4 6. Bb5+ c6 7. Qxd8+ Kxd8 8.
exf6 cxb5 9. Bg5 Ke8 10. Nd2 Bf5 11. Ne2 Nd7 12. Ng3 gxf6 13. Nxf5 fxg5 14. Nxe4
Nc5 15. Nf6+ Kd8 16. O-O-O+ Kc7 17. Rhe1 Ne6 18. Rd7+ Kb6 19. Rxf7 Nf4 20. Kc2
Bc5 21. Nd7+ Kc6 22. g3 Bxf2 23. Rd1 Ng6 24. Rd6+ Kc7 25. Nb6+ Kb8 26. Rdd7 Bxb6
27. Rxb7+ Kc8 28. Nd6+ Kd8 29. Rbd7# 1-0

[Event "Titled Tue 10th Jun Late"]
[Site "chess.com INT"]
[Date "2025.06.10"]
[Round "3"]
[White "Gattani, Sarthak"]
[Black "Lazavik, Denis"]
[Result "0-1"]
[BlackTitle "GM"]
[WhiteElo "1944"]
[BlackElo "2580"]
[WhiteFideId "30995965"]
[BlackFideId "13515110"]
[EventDate "2025.06.10"]

1. d4 Nf6 2. c4 g6 3. Nc3 Bg7 4. e4 d6 5. Nf3 O-O 6. Be2 Nbd7 7. Be3 e5 8. O-O
Qe7 9. Qc2 c6 10. h3 exd4 11. Nxd4 Nc5 12. Bf3 h6 13. Rad1 Nh7 14. b4 Nd7 15.
Nde2 Ne5 16. Nd4 c5 17. bxc5 dxc5 18. Nd5 Qh4 19. g3 Qd8 20. Bg2 cxd4 21. Bxd4
Be6 22. f4 Nc6 23. Bxg7 Kxg7 24. Qc3+ f6 25. f5 Bxd5 26. Rxd5 Qe7 27. fxg6 Ng5
28. Rf4 Ne5 29. h4 Ne6 30. Rf1 Rad8 31. Bh3 Rxd5 32. cxd5 Nc5 33. Qxc5 Qxc5+ 34.
Kh2 Qc2+ 35. Bg2 Ng4+ 36. Kh3 Ne3 37. Rg1 Rc8 38. Bf3 Qf2 0-1

[Event "Titled Tue 10th Jun Late"]
[Site "chess.com INT"]
[Date "2025.06.10"]
[Round "3"]
[White "Lie, Kjetil A."]
[Black "Durarbayli, Vasif"]
[Result "0-1"]
[WhiteTitle "GM"]
[BlackTitle "GM"]
[WhiteElo "2493"]
[BlackElo "2612"]
[WhiteFideId "1501984"]
[BlackFideId "13402935"]
[EventDate "2025.06.10"]

1. e4 c5 2. Nf3 d6 3. d4 cxd4 4. Nxd4 Nf6 5. Nc3 Nc6 6. Bg5 Qb6 7. Nb3 e6 8. Qd2
a6 9. O-O-O Be7 10. h4 O-O 11. f3 Rd8 12. g4 Qc7 13. Bxf6 Bxf6 14. g5 Bxc3 15.
Qxc3 d5 16. exd5 exd5 17. Kb1 d4 18. Qd2 a5 19. a3 a4 20. Nc5 Ne5 21. Ne4 Be6
22. h5 Nc4 23. Bxc4 Qxc4 24. Qb4 Qa2+ 25. Kc1 Rac8 26. Nc5 Bf5 27. h6 d3 28. Qc3
d2+ 0-1

[Event "Titled Tue 10th Jun Late"]
[Site "chess.com INT"]
[Date "2025.06.10"]
[Round "3"]
[White "Barria, Jose"]
[Black "Shankland, Sam"]
[Result "1-0"]
[WhiteTitle "FM"]
[BlackTitle "GM"]
[WhiteElo "2371"]
[BlackElo "2666"]
[WhiteFideId "1939300"]
[BlackFideId "2004887"]
[EventDate "2025.06.10"]

1. d4 d5 2. c4 c6 3. Nf3 Nf6 4. Nc3 e6 5. g3 dxc4 6. Bg2 Nbd7 7. O-O b5 8. e4
Bb7 9. a4 b4 10. e5 Nd5 11. Ne4 a5 12. Bg5 Qb6 13. Qc1 h6 14. Be3 Ba6 15. Rd1
Be7 16. Nfd2 c5 17. dxc5 Nxc5 18. Bxc5 Bxc5 19. Nxc5 Qxc5 20. Ne4 Qc6 21. Nd6+
Ke7 22. Rxd5 exd5 23. Qf4 Raf8 24. Rd1 f6 25. Nf5+ Ke8 26. Bxd5 Qc7 27. Nd6+ Ke7
28. exf6+ Rxf6 29. Nf5+ Kd8 30. Be6+ 1-0

[Event "Titled Tue 10th Jun Late"]
[Site "chess.com INT"]
[Date "2025.06.10"]
[Round "3"]
[White "Paravyan, David"]
[Black "Vazelakis, Dimitrios"]
[Result "1-0"]
[WhiteTitle "GM"]
[WhiteElo "2589"]
[BlackElo "1857"]
[WhiteFideId "4194985"]
[BlackFideId "4203674"]
[EventDate "2025.06.10"]

1. b3 d6 2. Bb2 e5 3. c4 f5 4. e3 Nf6 5. Nc3 Be7 6. Nh3 O-O 7. f4 Nc6 8. Be2 a5
9. O-O Kh8 10. Nd5 Be6 11. Ng5 Bxd5 12. cxd5 Nxd5 13. Ne6 Qd7 14. Nxf8 Rxf8 15.
fxe5 dxe5 16. Bb5 Bd6 17. e4 Nf4 18. d4 Qe7 19. Bxc6 bxc6 20. dxe5 Bxe5 21. Bxe5
Qxe5 22. exf5 Qxf5 23. Kh1 Qg6 24. Qf3 Rf6 25. Rad1 h6 26. Rfe1 Nd5 27. Qg3 Qc2
28. h3 Rg6 29. Qf3 Nf4 30. Rd8+ Kh7 31. Qe4 Qxa2 32. Rf1 Nxg2 33. Rff8 Qa1+ 34.
Kh2 Qg1+ 35. Kxg1 Nf4+ 36. Kh2 1-0

[Event "Titled Tue 10th Jun Late"]
[Site "chess.com INT"]
[Date "2025.06.10"]
[Round "3"]
[White "Dilanyan, Grigor"]
[Black "Pica, Eleni"]
[Result "1-0"]
[WhiteTitle "FM"]
[BlackTitle "WCM"]
[WhiteElo "2191"]
[BlackElo "1686"]
[WhiteFideId "13303570"]
[BlackFideId "5910005"]
[EventDate "2025.06.10"]

1. e4 c5 2. Nc3 Nc6 3. g3 g6 4. Bg2 Bg7 5. d3 d6 6. Be3 Nf6 7. h3 O-O 8. Qd2 Be6
9. Nge2 a6 10. Nf4 b5 11. Nxe6 fxe6 12. O-O Rc8 13. f4 d5 14. e5 d4 15. exf6
dxe3 16. Qxe3 Bxf6 17. Qxe6+ Kg7 18. Bxc6 Bd4+ 19. Kh1 Rf6 20. Qg4 Rcxc6 21. Ne4
Rf8 22. c3 Bf6 23. Rad1 Kg8 24. h4 Bg7 25. Kh2 e5 26. fxe5 Rxf1 27. Rxf1 Bxe5
28. Ng5 1-0

[Event "Titled Tue 10th Jun Late"]
[Site "chess.com INT"]
[Date "2025.06.10"]
[Round "3"]
[White "Hobaica, Juan Pablo"]
[Black "Escareno Rojas, Angel Salvador"]
[Result "1-0"]
[WhiteTitle "IM"]
[WhiteElo "2386"]
[BlackElo "1965"]
[WhiteFideId "104159"]
[BlackFideId "5107733"]
[EventDate "2025.06.10"]

1. e4 c5 2. Nc3 a6 3. g3 d6 4. Bg2 e6 5. d3 g6 6. f4 Bg7 7. Nf3 Ne7 8. Bd2 Nbc6
9. a3 b5 10. Rb1 Bb7 11. b4 cxb4 12. axb4 Rc8 13. Ne2 d5 14. e5 d4 15. g4 Rc7
16. Ng3 h5 17. h3 Nd5 18. Ne4 Bf8 19. O-O hxg4 20. hxg4 Ncxb4 21. Rxb4 Nxb4 22.
Nf6+ Qxf6 23. exf6 Nxc2 24. Qe2 b4 25. f5 gxf5 26. gxf5 Bd5 27. fxe6 Bxe6 28.
Ng5 Ne3 29. Bxe3 dxe3 30. Qxe3 Bh6 31. Qe5 Bxg5 32. Qxc7 Be3+ 33. Rf2 Bxf2+ 34.
Kxf2 Kf8 35. Qb8+ Bc8 36. Qxc8# 1-0

[Event "Titled Tue 10th Jun Late"]
[Site "chess.com INT"]
[Date "2025.06.10"]
[Round "3"]
[White "Perez Rojas, Jorge"]
[Black "Walmer, Benjamin"]
[Result "0-1"]
[WhiteTitle "FM"]
[WhiteElo "2100"]
[BlackElo "1990"]
[WhiteFideId "3452093"]
[BlackFideId "30958164"]
[EventDate "2025.06.10"]

1. e4 c5 2. Nf3 Nc6 3. Bb5 Nf6 4. Nc3 Nd4 5. Bc4 d6 6. h3 a6 7. a4 e6 8. d3 Nc6
9. O-O Be7 10. Re1 O-O 11. d4 cxd4 12. Nxd4 Qc7 13. Bf1 Bd7 14. Nb3 Rfd8 15. g3
Rac8 16. Bg2 Ne5 17. Qe2 Nc4 18. f4 Be8 19. Kh2 Nd7 20. Nd4 Bf6 21. Rd1 Nf8 22.
Nb3 Nxb2 23. Bxb2 Bxc3 24. Bxc3 Qxc3 25. Rd2 Ng6 26. Nd4 Qxa1 0-1

[Event "Titled Tue 10th Jun Late"]
[Site "chess.com INT"]
[Date "2025.06.10"]
[Round "3"]
[White "Dominguez, Ramiro"]
[Black "Uyanga, Byambaa"]
[Result "1-0"]
[WhiteTitle "FM"]
[BlackTitle "WFM"]
[WhiteElo "2210"]
[BlackElo "2006"]
[WhiteFideId "4420055"]
[BlackFideId "2054906"]
[EventDate "2025.06.10"]

1. e4 c5 2. Ne2 Nc6 3. g3 g6 4. Bg2 Bg7 5. c3 h5 6. h3 Nf6 7. d4 cxd4 8. cxd4 d6
9. Nbc3 h4 10. g4 O-O 11. Be3 a6 12. Qd2 Na5 13. b3 b5 14. e5 dxe5 15. dxe5 Nxg4
16. Qxd8 Rxd8 17. hxg4 Rb8 18. Ba7 Bb7 19. Ne4 Bxe5 20. Bxb8 Bxa1 21. Bc7 Rd7
22. Bxa5 f5 23. gxf5 gxf5 24. Ng5 Bxg2 25. Rg1 Bb7 26. Nf4 e5 27. Nh5 Kf8 28.
Bb4+ Ke8 29. Nf6+ Kd8 30. Ne6+ Kc8 31. Rg8+ Rd8 32. Rxd8# 1-0

[Event "Titled Tue 10th Jun Late"]
[Site "chess.com INT"]
[Date "2025.06.10"]
[Round "3"]
[White "Leon Acevedo, Juan Alejandro"]
[Black "Klys, Kacper"]
[Result "0-1"]
[WhiteTitle "CM"]
[WhiteElo "2008"]
[BlackElo "2218"]
[WhiteFideId "4459261"]
[BlackFideId "21005281"]
[EventDate "2025.06.10"]

1. d4 Nf6 2. c4 e6 3. Nf3 a6 4. g3 b5 5. cxb5 axb5 6. Bg2 Bb7 7. O-O b4 8. Nbd2
Be7 9. Nc4 d5 10. Nce5 c5 11. dxc5 Bxc5 12. Bg5 h6 13. Bf4 Nbd7 14. Qd3 Ba6 15.
Qc2 Rc8 16. Qa4 Qb6 17. a3 Bxe2 18. axb4 Qxb4 19. Rfc1 O-O 20. Nxd7 Nxd7 21.
Qxd7 Bxf3 22. Bxf3 Qxb2 23. Be3 Bxe3 24. fxe3 Rxc1+ 25. Rxc1 Qxc1+ 26. Kg2 Qxe3 0-1

[Event "Titled Tue 10th Jun Late"]
[Site "chess.com INT"]
[Date "2025.06.10"]
[Round "3"]
[White "Unsal, Gorkem"]
[Black "Zou, Chen"]
[Result "0-1"]
[WhiteTitle "CM"]
[BlackTitle "IM"]
[WhiteElo "2109"]
[BlackElo "2443"]
[WhiteFideId "51607484"]
[BlackFideId "8610959"]
[EventDate "2025.06.10"]

1. e4 c6 2. d3 d5 3. Nd2 g6 4. Ngf3 Bg7 5. g3 Bg4 6. Bg2 e6 7. O-O Nd7 8. c3 Ne7
9. h3 Bxf3 10. Nxf3 O-O 11. Bf4 Qb6 12. Qe2 Rfe8 13. e5 c5 14. h4 Nc6 15. h5 Qa6
16. a3 b5 17. b4 Qb6 18. Rac1 a5 19. bxc5 Qxc5 20. d4 Qxa3 21. Qxb5 Rec8 22. Qe2
Nb6 23. Bg5 Nc4 24. Bf6 Qf8 25. Nh2 Bxf6 26. exf6 a4 27. Ng4 a3 28. f4 Rcb8 29.
Rc2 Rb2 30. hxg6 hxg6 31. Kf2 Rxc2 32. Qxc2 Qb8 33. Rb1 Qxb1 34. Qxb1 a2 35. Qa1
Nd2 36. Qh1 Ne4+ 37. Bxe4 a1=Q 38. Qh6 Ra2+ 39. Ke3 Qe1+ 0-1

[Event "Titled Tue 10th Jun Late"]
[Site "chess.com INT"]
[Date "2025.06.10"]
[Round "3"]
[White "Annaberdiyev, Meylis"]
[Black "Azamikia, Mehran"]
[Result "0-1"]
[WhiteTitle "GM"]
[BlackTitle "CM"]
[WhiteElo "2436"]
[BlackElo "2130"]
[WhiteFideId "14000563"]
[BlackFideId "12502502"]
[EventDate "2025.06.10"]

1. e4 c5 2. Nf3 Nf6 3. e5 Nd5 4. Nc3 e6 5. Ne4 f5 6. Nc3 Nc6 7. Nxd5 exd5 8. d4
d6 9. Bf4 dxe5 10. Nxe5 Nxd4 11. c3 Nc6 12. Qh5+ g6 13. Nxg6 hxg6 14. Qxh8 Qe7+
15. Kd2 Be6 16. Bb5 O-O-O 17. Bxc6 bxc6 18. Qe5 Kb7 19. Rhe1 Re8 20. b4 g5 21.
Be3 d4 22. cxd4 f4 23. bxc5 fxe3+ 24. Rxe3 Bg7 25. Rb1+ Ka8 26. Qe4 Qd7 27. Rbe1
Qb7 0-1

[Event "Titled Tue 10th Jun Late"]
[Site "chess.com INT"]
[Date "2025.06.10"]
[Round "3"]
[White "Stankovic, Boris"]
[Black "Md Abu Hanif"]
[Result "1-0"]
[WhiteTitle "FM"]
[BlackTitle "CM"]
[WhiteElo "2298"]
[BlackElo "2100"]
[WhiteFideId "985317"]
[BlackFideId "10200835"]
[EventDate "2025.06.10"]

1. d4 d5 2. Nc3 c6 3. Bf4 Bf5 4. f3 Bg6 5. e3 e6 6. h4 h6 7. h5 Bh7 8. g4 Bd6 9.
Nge2 Nf6 10. Qd2 Qe7 11. O-O-O Nbd7 12. Bg2 e5 13. dxe5 Nxe5 14. Bxe5 Bxe5 15.
Nd4 O-O-O 16. Rhe1 Rhe8 17. Kb1 Qc7 18. Bf1 Re7 19. Bd3 Bxd3 20. Qxd3 Rde8 21.
Nf5 Rd7 22. Nxg7 Rg8 23. Nf5 Rh8 24. Rf1 Qa5 25. Ne2 Ng8 26. e4 Nf6 27. exd5
Nxd5 28. Qb3 Qb5 29. Qxb5 cxb5 30. Rxd5 1-0

[Event "Titled Tue 10th Jun Late"]
[Site "chess.com INT"]
[Date "2025.06.10"]
[Round "3"]
[White "Becking, Stephan"]
[Black "Moosavifar, Seyed Abolfazl"]
[Result "0-1"]
[WhiteTitle "IM"]
[BlackTitle "FM"]
[WhiteElo "2410"]
[BlackElo "2303"]
[WhiteFideId "4632478"]
[BlackFideId "42548195"]
[EventDate "2025.06.10"]

1. d4 d5 2. c3 e6 3. Nf3 Bd6 4. Bg5 f6 5. Bh4 Ne7 6. Bg3 O-O 7. Nbd2 c5 8. e3
Nbc6 9. Bxd6 Qxd6 10. Be2 e5 11. dxe5 fxe5 12. Ne4 Qg6 13. Nxc5 e4 14. Nd4 Qxg2
15. Rf1 Ne5 16. Nce6 Rf6 17. Nf4 Qxh2 18. Qb3 Bh3 19. Nxd5 Nxd5 20. Qxd5+ Kh8
21. O-O-O Bxf1 22. Rxf1 Nd3+ 23. Kd2 Nxf2 24. Qxb7 Rb8 25. Qxa7 Rxb2+ 26. Kc1
Nd3+ 27. Kd1 Rxf1+ 28. Bxf1 Qd2# 0-1

[Event "Titled Tue 10th Jun Late"]
[Site "chess.com INT"]
[Date "2025.06.10"]
[Round "3"]
[White "McDonald, Jhustice-Dimonte"]
[Black "Fernandez Siles, Luis"]
[Result "0-1"]
[WhiteTitle "CM"]
[BlackTitle "FM"]
[WhiteElo "2032"]
[BlackElo "2170"]
[WhiteFideId "7402481"]
[BlackFideId "2209420"]
[EventDate "2025.06.10"]

1. b3 e5 2. Bb2 Nc6 3. Nc3 g6 4. e3 Bg7 5. Nge2 Nge7 6. g3 O-O 7. Bg2 d5 8. O-O
Be6 9. d4 e4 10. Nf4 Qd7 11. f3 exf3 12. Qxf3 Nb4 13. Rf2 c6 14. a3 Na6 15. Nce2
Bg4 16. Bh3 Bxh3 17. Nxh3 Qxh3 18. Nf4 Qd7 19. Raf1 Nc5 20. dxc5 Bxb2 21. c4
Bxa3 22. Nh5 gxh5 23. Qxh5 Ng6 24. Rf6 Bxc5 25. R1f5 Bxe3+ 26. Kg2 dxc4 27. Qf3
Rae8 28. Rf4 Bxf4 29. gxf4 Nh4+ 0-1

[Event "Titled Tue 10th Jun Late"]
[Site "chess.com INT"]
[Date "2025.06.10"]
[Round "3"]
[White "George, Kevin"]
[Black "Skramstad, Oda Kofoed"]
[Result "1-0"]
[WhiteTitle "IM"]
[BlackTitle "WCM"]
[WhiteElo "2327"]
[BlackElo "1898"]
[WhiteFideId "10669515"]
[BlackFideId "1564862"]
[EventDate "2025.06.10"]

1. d4 Nf6 2. c4 g6 3. Nc3 Bg7 4. e4 d6 5. h3 O-O 6. Be3 c5 7. Nf3 Qa5 8. Bd3
cxd4 9. Nxd4 Nc6 10. O-O Nxd4 11. Bxd4 Be6 12. f4 Rac8 13. b3 Nd7 14. Bxg7 Kxg7
15. Qd2 Nc5 16. Bc2 a6 17. f5 Bd7 18. Qd4+ Kg8 19. Nd5 Rce8 20. b4 Qa3 21. bxc5
dxc5 22. Qe3 Qa5 23. f6 1-0

[Event "Titled Tue 10th Jun Late"]
[Site "chess.com INT"]
[Date "2025.06.10"]
[Round "3"]
[White "Khanbutaev, Artemii"]
[Black "Onur, Cigdem"]
[Result "1-0"]
[BlackTitle "WCM"]
[WhiteElo "2139"]
[BlackElo "1956"]
[WhiteFideId "55747175"]
[BlackFideId "6346030"]
[EventDate "2025.06.10"]

1. d4 d5 2. c4 c6 3. Nf3 Nf6 4. Nc3 dxc4 5. a4 Bf5 6. Ne5 Nbd7 7. Nxc4 Qc7 8. g3
e5 9. dxe5 Nxe5 10. Bf4 Nfd7 11. h4 O-O-O 12. Bh3 Bxh3 13. Rxh3 Bb4 14. Kf1 f6
15. Kg2 Nb6 16. Nxb6+ Qxb6 17. Qc2 Ng4 18. Qf5+ Rd7 19. Qxg4 Bxc3 20. bxc3 g6
21. Qe6 Qb2 22. Rd1 Rd8 23. g4 Qc2 24. Rhd3 1-0

[Event "Titled Tue 10th Jun Late"]
[Site "chess.com INT"]
[Date "2025.06.10"]
[Round "3"]
[White "Swara Lakshmi S Nair"]
[Black "Guerra Mendez, Jose Angel"]
[Result "0-1"]
[WhiteTitle "WCM"]
[BlackTitle "GM"]
[WhiteElo "2187"]
[BlackElo "2478"]
[WhiteFideId "25629239"]
[BlackFideId "3508129"]
[EventDate "2025.06.10"]

1. e4 c5 2. Nf3 d6 3. d4 cxd4 4. Nxd4 Nf6 5. Nc3 Nc6 6. Bg5 e6 7. Bc4 Be7 8. Bb3
O-O 9. O-O a6 10. h3 Bd7 11. Nxc6 Bxc6 12. Qe2 Nxe4 13. Nxe4 Bxg5 14. Rad1 Bxe4
15. Qxe4 d5 16. Qg4 b5 17. f4 Bf6 18. f5 Qb6+ 19. Kh1 Bxb2 20. f6 g6 21. Qg5 Kh8
22. Qh6 Rg8 23. Rf4 Qe3 24. Rd3 Qe1+ 25. Kh2 Be5 26. Rf3 g5 27. g3 gxf4 0-1

[Event "Titled Tue 10th Jun Late"]
[Site "chess.com INT"]
[Date "2025.06.10"]
[Round "3"]
[White "Ernst, Luca"]
[Black "Gyurjinyan, Valter"]
[Result "0-1"]
[WhiteTitle "FM"]
[BlackTitle "CM"]
[WhiteElo "2215"]
[BlackElo "2208"]
[WhiteFideId "45117055"]
[BlackFideId "13318179"]
[EventDate "2025.06.10"]

1. Nf3 Nf6 2. g3 b5 3. a4 b4 4. Bg2 Bb7 5. O-O e6 6. d4 Be7 7. c4 bxc3 8. bxc3
O-O 9. Ba3 d6 10. Nbd2 Nbd7 11. Rb1 Rb8 12. Qc2 c5 13. e4 Qc7 14. Qd3 Rfc8 15.
Rfc1 d5 16. e5 c4 17. Qe3 Bxa3 18. exf6 Bxc1 19. Rxc1 Nxf6 20. Ne5 Bc6 21. g4
Bxa4 22. g5 Nd7 23. Ndf3 Rb2 24. Re1 Nxe5 25. Nxe5 Rcb8 26. Bh3 R8b6 27. Kg2 Bc2
28. Ra1 Be4+ 29. Kg3 f6 30. gxf6 gxf6 31. Rg1 Qg7+ 32. Kh4 Qxg1 33. Nd7 Qg5+ 34.
Qxg5+ fxg5+ 35. Kxg5 Rd6 36. Nf6+ Kf7 37. Nh5 Rxf2 0-1

[Event "Titled Tue 10th Jun Late"]
[Site "chess.com INT"]
[Date "2025.06.10"]
[Round "3"]
[White "Rodrigues, Leonardo De Miranda"]
[Black "Mizzi, Jack"]
[Result "0-1"]
[BlackTitle "CM"]
[WhiteElo "2111"]
[BlackElo "2107"]
[WhiteFideId "2108658"]
[BlackFideId "5602521"]
[EventDate "2025.06.10"]

1. e4 c6 2. d4 d5 3. e5 c5 4. dxc5 e6 5. a3 Bxc5 6. Nf3 Nc6 7. b4 Bb6 8. Bd3
Nge7 9. O-O Ng6 10. Re1 O-O 11. Nbd2 f6 12. exf6 Qxf6 13. Rb1 e5 14. Bb2 Bg4 15.
h3 Bxf3 16. Nxf3 Nf4 17. Bxe5 Nxe5 18. Rxe5 Bxf2+ 19. Kh1 Bb6 20. Rf5 Qd6 21.
Rxf8+ Rxf8 22. Ng5 g6 23. Qg4 Bc7 24. Qh4 Nh5 25. g3 Nxg3+ 26. Kg2 Nh5 27. Nf3
Nf4+ 28. Kf2 Bb6+ 29. Kf1 Nxd3 30. Qg4 Ne5 31. Qg3 Rxf3+ 32. Qxf3 Nxf3 0-1